000 00242nam a2200097Ia 4500
001 653814
005 20250826154505.0
008 250824s9999 xx 000 0 und d
245 0 _aKARNE OYUNU
_cANDREW CLEMENTS
260 _bGÜNIŞIĞI YAYINLARI
999 _c653814
_d653814